| 000 | 00471nam a2200205Ia 4500 | ||
|---|---|---|---|
| 003 | OSt | ||
| 005 | 20251028142301.0 | ||
| 008 | 250729s1968 xx 000 0 und d | ||
| 020 | _a978-8121928137 | ||
| 040 | _cAL | ||
| 041 | _aeng | ||
| 082 | _a530 LALH | ||
| 100 |
_aLal Brij _9223503 |
||
| 245 | _aHeat & thermodynamics | ||
| 260 |
_aNew Delhi _c1968 |
||
| 300 | _a508p | ||
| 650 |
_aPhysics _9223504 |
||
| 700 |
_aSubrahamanyam N _9223505 |
||
| 942 |
_2ddc _cBED |
||
| 999 |
_c235941 _d235941 |
||